Spatial transportation modeling

Bibliographic Details
Main Author: Werner, Christian
Format: Book
Published: Beverly Hills : Sage Publications , 1985
Subjects:

MARC

LEADER 00000cam a2200000 7i4500
001 0000003468
005 20021116.0
020 |a 0803926034 
040 |a INS 
090 0 0 |a HE147.7.   |b W47 1985 
100 1 |a Werner, Christian 
245 1 0 |a Spatial transportation modeling   |c Christian Werner 
260 |a Beverly Hills :   |b Sage Publications ,   |c 1985 
300 |a 94 p. ;   |c 21 cm. 
500 |a (Scientific Geography Series) 
650 0 0 |a Transportation 
999 |a 0000004418   |b BOOK   |c Open Shelf   |e Default branch